Administración de ventas: relaciones y sociedades con el cliente
Saved in:
| Main Authors: | , , , |
|---|---|
| Format: | Book |
| Language: | Spanish |
| Published: |
Cuernavaca
Cengage Learning Editores
2010
|
| Edition: | 1a. ed |
| Subjects: | |
| Tags: |
Add Tag
No Tags, Be the first to tag this record!
|
MARC
| LEADER | 00000cam a2200000 a 4500 | ||
|---|---|---|---|
| 001 | UCD8859 | ||
| 003 | CL-VaPUC | ||
| 008 | 170527e20100000mx |||||||||||||||||spa|d | ||
| 020 | |a 9780618721016 | ||
| 082 | 0 | 4 | |a 658.81 |b HAI |2 21 |
| 100 | |a Hair, Joseph F |e author |9 592752 | ||
| 700 | 0 | |a Anderson, Rolph E |e author |9 592416 | |
| 700 | 0 | |a Mehta, Rajiv |e author |9 592417 | |
| 700 | 0 | |a Babin, Barry J |e author |9 592418 | |
| 245 | 1 | 0 | |a Administración de ventas: relaciones y sociedades con el cliente |
| 250 | |a 1a. ed | ||
| 300 | |a 116 p | ||
| 942 | |c BK | ||
| 945 | |d 20170527 00:32:00 |a dcastane | ||
| 260 | |a Cuernavaca |b Cengage Learning Editores |c 2010 | ||
| 650 | 0 | |a Ventas |9 259323 | |
| 650 | 0 | |a Personal de ventas |9 320590 | |
| 650 | 7 | |a MERCADEO |2 CL-VaPUC |9 261154 | |
| 583 | |a last modification |c 20170527 00:32:00 |k Rodrigo Vera | ||
| 999 | |c 368167 |d 368165 | ||